Anime Studio Quiz - Statistics

General Stats
  • This quiz has been taken 201 times
  • The average score is 7 of 17
Answer Stats
Hint Answer % Correct
Yuri!! On Ice MAPPA
74%
One Punch Man Madhouse
72%
Attack on Titan Wit Studio
69%
Free! Iwatobi Swim Club Kyoto Animation
62%
Black Butler A-1 Pictures
50%
Kill La Kill Trigger
49%
Ouran Highschool Host Club Bones
48%
Toradora J.C Staff
45%
Gintama Sunrise
40%
The Promised Neverland CloverWorks
39%
JoJo's Bizarre Adventure David Productions
37%
Nisekoi Shaft
30%
Hunter x Hunter Studio Pierrot
28%
Fruits Basket (2001) Studio Deen
20%
Usagi Drop Production I.G
19%
Fruits Basket (2019) TMS Entertainment
19%
Barakamon Kinema Citrus
7%
No matching quizzes found
Score Distribution
Percent of People with Each Score
Percentile by Number Answered
Your Score History
You have not taken this quiz